Normal view
MARC view
Entry Personal Name
001 - CONTROL NUMBER
- control field: 17710
003 - CONTROL NUMBER IDENTIFIER
- control field: OSt
005 - DATE AND TIME OF LATEST TRANSACTION
- control field: 20240624161340.0
008 - FIXED-LENGTH DATA ELEMENTS
- fixed length control field: 240624|| aca||aabn | a|a d
040 ## - CATALOGING SOURCE
- Original cataloging agency: OSt
- Transcribing agency: OSt
100 ## - HEADING--PERSONAL NAME
- Personal name: Shevelko,VP
670 ## - SOURCE DATA FOUND
- Source citation: Work cat.: (OSt)8766: Beyer,HF 17708, Introduction to thye physics of highly charged Ions/, c2003.
